Ordenanzas de la real Maestranza de Caballería de la ciudad de Sevilla. (Record no. 163074)
[ view plain ]
| 000 -LEADER | |
|---|---|
| campo de control de longitud fija | 00797nam a22002055i 4500 |
| 001 - NÚMERO DE CONTROL | |
| campo de control | 163074 |
| 003 - IDENTIFICADOR DE NÚMERO DE CONTROL | |
| campo de control | ES-MaACL |
| 005 - FECHA Y HORA DE LA ÚLTIMA TRANSACCIÓN | |
| campo de control | 20230906212650.0 |
| 008 - DATOS DE LONGITUD FIJA--INFORMACIÓN GENERAL | |
| campo de control de longitud fija | 981209s1794 sp a |||| | spa d |
| 040 ## - FUENTE DE CATALOGACIÓN | |
| Centro catalogador/agencia de origen | AN |
| Lengua de catalogación | spa |
| Centro/agencia transcriptor | CCPB |
| 110 2# - ENTRADA PRINCIPAL--NOMBRE DE ENTIDAD CORPORATIVA | |
| Nombre de entidad corporativa o nombre de jurisdicción como elemento de entrada | Real Maestranza de Caballería de Sevilla. |
| 9 (RLIN) | 134793 |
| 245 10 - MENCIÓN DEL TÍTULO | |
| Título | Ordenanzas de la real Maestranza de Caballería de la ciudad de Sevilla. |
| 260 ## - PUBLICACIÓN, DISTRIBUCIÓN, ETC. | |
| Lugar de publicación, distribución, etc. | Madrid : |
| Nombre del editor, distribuidor, etc. | en la Imprenta Real, |
| Fecha de publicación, distribución, etc. | 1794. |
| 300 ## - DESCRIPCIÓN FÍSICA | |
| Extensión | [6], 183 p., [1] h. de grab. ; |
| Dimensiones | 4º. |
| 597 ## - NOTA DE DESCRIPCIÓN FÍSICA | |
| NOTA DE DESCRIPCIÓN FÍSICA | Sign. : []4, *2, A-Z4. |
| 599 ## - NOTA A LAS ILUSTRACIONES | |
| NOTA A LAS ILUSTRACIONES | La h. de grab. calc. "Paret del. Moreno Texada sculpsit A.1794", alegorica. |
| 700 1# - ENTRADA AGREGADA--NOMBRE PERSONAL | |
| Nombre de persona | Moreno Tejada, Juan. |
| 9 (RLIN) | 130174 |
| 700 1# - ENTRADA AGREGADA--NOMBRE PERSONAL | |
| Nombre de persona | Paret y Alcazar, Luis. |
| 9 (RLIN) | 130852 |
| 852 ## - LOCALIZACIÓN | |
| Ubicación | ES-MaACL |
| Número de control de estantería | R-1355 |
| Nota libre | -- Enc. pasta |
| condición física | -- Falto de la h. de grab. |
| Encuadernación | Olim: G-13636 |
| Estatus retirado | Estado de pérdida | Estado de daño | No para préstamo | Colección | Biblioteca de origen | Biblioteca actual | Ubicación en estantería | Fecha de adquisición | Fuente de adquisición | Total de préstamos | Signatura topográfica completa | Código de barras | Visto por última vez | Precio de reemplazo | Tipo de ítem Koha |
|---|---|---|---|---|---|---|---|---|---|---|---|---|---|---|---|
| Libros del s. XVIII | Biblioteca del Ateneo de Madrid | Biblioteca del Ateneo de Madrid | Depósito | 17/01/2008 | R-1355 | 1170878 | 23/02/2023 | 23/02/2023 | Libro impreso antiguo |
